| 000 | 00512cam a2200205ua 4500 | ||
|---|---|---|---|
| 001 | 1081 | ||
| 005 | 20260515113256.0 | ||
| 008 | 110428n ii |||gr||||Z||||||eng | ||
| 020 | _a978-81-237-5188-7 | ||
| 040 | _cMAIN | ||
| 082 | _a320.8 | ||
| 245 | 1 |
_aPanchayat raj in india _cby M. Aslam |
|
| 250 | _a1st. | ||
| 260 |
_aNew Delhi: _bNational book trust, _c2007. |
||
| 300 | _ax, 217p.:0cm. | ||
| 653 | _aPolitical science | ||
| 653 | _aPanchayat raj in India | ||
| 700 |
_aAslam, M., _eAuthor. |
||
| 942 | _cBK | ||
| 999 |
_c997 _d997 |
||